000 00512nam a2200217Ia 4500
003 OSt
005 20220924134506.0
006 a|||||r|||| 00| 0
007 ta
008 220923b |||||||| |||| 00| 0 snd d
024 _a274196
037 _cTextual
040 _aARTS
_cARTS
_bsnd
041 _2snd
_asnd
082 _aR41, 1593[L3]
100 _aBodraj
_9208531
245 0 _aSacho sathi
260 _c1973
942 _hR41, 1593[L3]
_cTEXL
_2CC
999 _c437445
_d437445